[Event "EU-ch Amateur U1700"]
[Site "Rhodes"]
[Date "2019.04.13"]
[Round "8.8"]
[White "Kalpakidis, Daniel Kyriakos"]
[Black "Cebo, Vladimir"]
[Result "1/2-1/2"]
[WhiteElo "1211"]
[BlackElo "1602"]
[PlyCount "50"]
[EventDate "2019.04.06"]
[EventType "swiss"]
[EventRounds "9"]
[EventCountry "GRE"]
[SourceTitle "EXT 2024"]
[Source "ChessBase"]
[SourceDate "2023.10.10"]
[SourceVersion "1"]
[SourceVersionDate "2023.10.10"]
[SourceQuality "1"]

1. d4 d5 2. b3 Nf6 3. Bb2 Bf5 4. Nf3 e6 5. e3 Bd6 6. Be2 0-0 7. 0-0 Nbd7 8. Ne5 c6 9. f4 Qc7 10. Rf3 a6 11. Nd2 c5 12. c4 cxd4 13. exd4 Bb4 14. Rc1 Qa5 15. Nxd7 Nxd7 16. a3 Bxd2 17. b4 Bxb4 18. axb4 Qxb4 19. Ba3 Qb6 20. Bxf8 Rxf8 21. c5 Qc7 22. Rfc3 Nf6 23. g3 Ne4 24. Rb3 h6 25. Bd3 f6 1/2-1/2

[Event "SVK-chT3A2 1718"]
[Site "Slovakia"]
[Date "2018.03.25"]
[Round "11.3"]
[White "Huska, Branislav"]
[Black "Cebo, Vladimir"]
[Result "1/2-1/2"]
[WhiteElo "1799"]
[BlackElo "1670"]
[PlyCount "71"]
[EventDate "2017.10.08"]
[EventType "team-tourn"]
[EventRounds "11"]
[EventCountry "SVK"]
[SourceTitle "EXT 2020"]
[Source "ChessBase"]
[SourceDate "2019.10.17"]
[SourceVersion "1"]
[SourceVersionDate "2019.10.17"]
[SourceQuality "1"]
[WhiteTeam "Senica SK"]
[BlackTeam "Hlohovec"]
[WhiteTeamCountry "SVK"]
[BlackTeamCountry "SVK"]

1. e4 e5 2. Nf3 Nc6 3. Bb5 a6 4. Ba4 Nf6 5. 0-0 b5 6. Bb3 Bc5 7. Nxe5 Nxe5 8. d4 Bxd4 9. Qxd4 d6 10. Qd1 0-0 11. a4 Bb7 12. f3 Nfd7 13. Be3 Qe7 14. Nc3 c6 15. Qd2 Rfd8 16. Qf2 b4 17. Ne2 Ng6 18. Rfd1 Nde5 19. Rd2 a5 20. Nd4 d5 21. exd5 cxd5 22. Rad1 Nc4 23. Bxc4 dxc4 24. Nb5 Rxd2 25. Qxd2 Bc6 26. Bb6 h6 27. Qd6 Qb7 28. Qc7 Ra6 29. Rd8+ Kh7 30. Nd6 Qxb6+ 31. Qxb6 Rxb6 32. Nxc4 Ra6 33. b3 Ra7 34. Kf2 Bd7 35. Nxa5 Rxa5 36. Rxd7 1/2-1/2

[Event "SVK-chT3A2 1718"]
[Site "Slovakia"]
[Date "2018.02.18"]
[Round "9.4"]
[White "Cebo, Vladimir"]
[Black "Rau, Vladimir"]
[Result "0-1"]
[WhiteElo "1670"]
[BlackElo "1694"]
[PlyCount "100"]
[EventDate "2017.10.08"]
[EventType "team-tourn"]
[EventRounds "11"]
[EventCountry "SVK"]
[SourceTitle "EXT 2020"]
[Source "ChessBase"]
[SourceDate "2019.10.17"]
[SourceVersion "1"]
[SourceVersionDate "2019.10.17"]
[SourceQuality "1"]
[WhiteTeam "Hlohovec"]
[BlackTeam "Modranka Komplet"]
[WhiteTeamCountry "SVK"]
[BlackTeamCountry "SVK"]

1. c4 Nf6 2. Nc3 g6 3. d4 Bg7 4. e4 d6 5. Be2 Nc6 6. Nf3 Bg4 7. 0-0 0-0 8. Be3 a6 9. h3 Bxf3 10. Bxf3 Rb8 11. Qd2 Nd7 12. Rac1 e5 13. d5 Nd4 14. Bd1 f5 15. exf5 Nxf5 16. Bg5 Qe8 17. Bg4 Nf6 18. Bxf5 gxf5 19. Rce1 Qg6 20. f4 e4 21. Ne2 Rbe8 22. Nd4 h6 23. Bh4 Rf7 24. Re3 Kh7 25. Be1 Nh5 26. Ne6 Bf6 27. b3 Rg8 28. Kh2 Ng7 29. Qe2 Nxe6 30. Rg3 Ng5 31. fxg5 Be5 32. h4 Bxg3+ 33. Bxg3 hxg5 34. hxg5 Qxg5 35. Bf4 Qh4+ 36. Kg1 Rfg7 37. Rf2 Qg4 38. Qe3 Qd1+ 39. Kh2 Qh5+ 40. Kg1 Qg4 41. g3 Kg6 42. Rh2 Rh7 43. Rxh7 Kxh7 44. Qd2 Kg6 45. Qd4 Rg7 46. b4 Rh7 47. Qd2 Qf3 48. Qg2 Qd1+ 49. Kf2 Rh1 50. g4 Qe1# 0-1

[Event "SVK-chT3A2 1718"]
[Site "Slovakia"]
[Date "2017.11.05"]
[Round "3.6"]
[White "Cebo, Vladimir"]
[Black "Csuri, Szilveszter"]
[Result "1-0"]
[WhiteElo "1670"]
[BlackElo "1956"]
[PlyCount "73"]
[EventDate "2017.10.08"]
[EventType "team-tourn"]
[EventRounds "11"]
[EventCountry "SVK"]
[SourceTitle "EXT 2020"]
[Source "ChessBase"]
[SourceDate "2019.10.17"]
[SourceVersion "1"]
[SourceVersionDate "2019.10.17"]
[SourceQuality "1"]
[WhiteTeam "Hlohovec"]
[BlackTeam "Potonska Veza II"]
[WhiteTeamCountry "SVK"]
[BlackTeamCountry "SVK"]

1. c4 e5 2. Nc3 Nf6 3. e4 Nc6 4. Nf3 Bc5 5. Nxe5 Nxe5 6. d4 Bd6 7. dxe5 Bxe5 8. Qc2 0-0 9. Bd3 h6 10. 0-0 Re8 11. Be3 c6 12. h3 Qe7 13. f4 Bxc3 14. bxc3 Nxe4 15. Rae1 Nf6 16. Bf2 Qf8 17. Bd4 Rxe1 18. Rxe1 Ne8 19. Qe2 Nc7 20. Qe4 f5 21. Qxf5 Qxf5 22. Bxf5 Kf7 23. Bg4 b6 24. f5 Ba6 25. Bh5+ Kf8 26. f6 gxf6 27. Bxf6 Ne6 28. Re4 Rc8 29. Rg4 Ng5 30. Rd4 Nf7 31. Rxd7 Bxc4 32. Rxa7 Re8 33. a3 Re1+ 34. Kh2 Re6 35. Rxf7+ Kg8 36. Rg7+ Kf8 37. Rg6 1-0

[Event "EU Amateur-ch"]
[Site "Ruzomberok"]
[Date "2016.06.08"]
[Round "4"]
[White "Necula, Iulian"]
[Black "Cebo, Vladimir"]
[Result "1/2-1/2"]
[WhiteElo "1965"]
[BlackElo "1684"]
[PlyCount "92"]
[EventDate "2016.06.06"]
[EventType "swiss"]
[EventRounds "9"]
[EventCountry "SVK"]
[SourceTitle "CBM 172 Extra"]
[Source "ChessBase"]
[SourceDate "2016.06.21"]
[SourceVersion "1"]
[SourceVersionDate "2016.06.21"]
[SourceQuality "1"]

1. c4 c6 2. Nc3 d5 3. cxd5 cxd5 4. d4 Nf6 5. f3 e6 6. e4 dxe4 7. fxe4 Nc6 8. Bb5 Bd7 9. d5 exd5 10. exd5 Ne5 11. Qe2 Bd6 12. Bxd7+ Nfxd7 13. Nf3 0-0 14. 0-0 Nxf3+ 15. Qxf3 Ne5 16. Qf5 a6 17. Ne4 g6 18. Qh3 h5 19. Bh6 Qb6+ 20. Kh1 Rfc8 21. Nf6+ Kh8 22. Nxh5 gxh5 23. Qxh5 Qc7 24. Rac1 Qd7 25. Bf4+ Kg8 26. Bxe5 Bxe5 27. Qxe5 Rxc1 28. Rxc1 Re8 29. Qg5+ Kf8 30. h4 Qd6 31. h5 Qe5 32. Qxe5 Rxe5 33. g4 Rxd5 34. Rc2 Kg7 35. Kg2 a5 36. Kh3 b5 37. Kh4 b4 38. Rf2 Rb5 39. Rf5 Rxf5 40. gxf5 f6 41. b3 Kh7 42. Kg4 Kh6 43. Kh4 Kg7 44. Kg3 Kh7 45. Kf4 Kh6 46. Kg4 Kg7 1/2-1/2

[Event "Tatry op"]
[Site "Tatranske Zruby"]
[Date "2013.10.02"]
[Round "5"]
[White "Cebo, Vladimir"]
[Black "Orlicek, Karel"]
[Result "1-0"]
[WhiteElo "1642"]
[BlackElo "1835"]
[PlyCount "111"]
[EventDate "2013.09.29"]
[EventType "swiss"]
[EventRounds "9"]
[EventCountry "SVK"]
[SourceTitle "EXT 2023"]
[Source "ChessBase"]
[SourceDate "2022.10.05"]
[SourceVersion "1"]
[SourceVersionDate "2022.10.05"]
[SourceQuality "1"]

1. c4 e5 2. Nc3 Nc6 3. Nf3 Nf6 4. e4 Bc5 5. Be2 0-0 6. 0-0 d6 7. a3 Bg4 8. b4 Bxf3 9. Bxf3 Bd4 10. Bb2 b6 11. Qc2 Ne7 12. Nd5 Nfxd5 13. Bxd4 exd4 14. cxd5 d3 15. Qc3 Rc8 16. Bg4 f5 17. exf5 Nxd5 18. Qxd3 Nf6 19. Bf3 c6 20. Rfe1 Qd7 21. Re6 d5 22. Rae1 Rce8 23. Rxe8 Rxe8 24. Rxe8+ Qxe8 25. g4 Qe1+ 26. Kg2 Ne4 27. Bxe4 dxe4 28. Qe3 Qb1 29. f3 exf3+ 30. Qxf3 Qc2 31. Qe3 Kf8 32. h4 Qd1 33. Kg3 h5 34. gxh5 Qxh5 35. Qg5 Qe2 36. Qe3 Qh5 37. Qe6 Qd1 38. Qc8+ Kf7 39. Qd7+ Kf8 40. Qd6+ Kf7 41. Qe6+ Kf8 42. Qe3 Qh5 43. Qf4 Qd1 44. Qb8+ Kf7 45. Qxa7+ Kf6 46. Qxb6 Qe1+ 47. Qf2 Qe5+ 48. Qf4 Qe1+ 49. Qf2 Qe5+ 50. Kg4 Qe4+ 51. Qf4 Qe2+ 52. Kh3 Qd3+ 53. Kg2 Qe2+ 54. Qf2 Qe4+ 55. Qf3 Qc4 56. Qc3+ 1-0

[Event "Tatry op"]
[Site "Tatranske Zruby"]
[Date "2013.10.01"]
[Round "3"]
[White "Cebo, Vladimir"]
[Black "Diviak, Rudolf"]
[Result "0-1"]
[WhiteElo "1642"]
[BlackElo "1797"]
[PlyCount "122"]
[EventDate "2013.09.29"]
[EventType "swiss"]
[EventRounds "9"]
[EventCountry "SVK"]
[SourceTitle "EXT 2023"]
[Source "ChessBase"]
[SourceDate "2022.10.05"]
[SourceVersion "1"]
[SourceVersionDate "2022.10.05"]
[SourceQuality "1"]

1. c4 d6 2. e4 g6 3. d4 Bg7 4. Nc3 Nd7 5. Nf3 e5 6. d5 Ngf6 7. Bd3 0-0 8. 0-0 Nh5 9. Be3 f5 10. exf5 gxf5 11. Bc2 Ndf6 12. h3 Qe7 13. Rb1 f4 14. Bd2 Bh6 15. Kh2 Kh8 16. Qe2 Rg8 17. Rg1 Qf7 18. Rbe1 a6 19. c5 Bd7 20. cxd6 cxd6 21. Ne4 Nxe4 22. Bxe4 Nf6 23. Bb4 Nxe4 24. Qxe4 Bf5 25. Qc4 Rac8 26. Qb3 Qf6 27. Bc3 Rc7 28. Qb6 Rxc3 29. bxc3 Rc8 30. c4 e4 31. Nd4 Bg6 32. Ne6 Qe7 33. Qb4 Bf5 34. g4 Bg6 35. g5 Bf8 36. Rg4 Bf5 37. Rxf4 Bxe6 38. dxe6 Qxg5 39. Rexe4 Bg7 40. Qxd6 Re8 41. Qb6 Rg8 42. Rg4 Qf5 43. e7 Be5+ 44. Kg2 Qxe4+ 45. Kf1 Qd3+ 46. Kg2 Re8 47. Qe6 Qd6 48. Qf7 Qxe7 49. Qxe7 Rxe7 50. Re4 Bd6 51. Rxe7 Bxe7 52. Kf3 b6 53. Ke4 Kg7 54. Kf5 Kf7 55. f3 Bc5 56. h4 Be7 57. h5 Bc5 58. Ke5 h6 59. f4 Bf2 60. a3 a5 61. a4 Bc5 0-1

[Event "Tatry op"]
[Site "Tatranske Zruby"]
[Date "2013.10.01"]
[Round "4"]
[White "Kotlowski, Maciej"]
[Black "Cebo, Vladimir"]
[Result "0-1"]
[WhiteElo "1000"]
[BlackElo "1642"]
[PlyCount "117"]
[EventDate "2013.09.29"]
[EventType "swiss"]
[EventRounds "9"]
[EventCountry "SVK"]
[SourceTitle "EXT 2023"]
[Source "ChessBase"]
[SourceDate "2022.10.05"]
[SourceVersion "1"]
[SourceVersionDate "2022.10.05"]
[SourceQuality "1"]

1. e4 e5 2. Nf3 Nc6 3. Bc4 Nf6 4. Nc3 Be7 5. d3 0-0 6. Be3 a6 7. a3 d6 8. Nd5 Nxd5 9. exd5 Na7 10. Nd2 c6 11. Qe2 cxd5 12. Bxd5 Nc6 13. c3 Bg5 14. Ne4 Be7 15. 0-0 Bd7 16. Qh5 Qc8 17. Ng5 Bxg5 18. Qxg5 Bf5 19. Qg3 Ne7 20. Be4 Qd7 21. f4 d5 22. Bxf5 Nxf5 23. Qh3 e4 24. dxe4 dxe4 25. Rad1 Qe6 26. Bc5 Rfe8 27. g4 Ne7 28. Rd6 Qc4 29. b4 Nc6 30. Qe3 Rad8 31. Rfd1 Rxd6 32. Rxd6 Qb3 33. g5 Qb1+ 34. Kg2 Rd8 35. Rxd8+ Nxd8 36. Qd2 Nc6 37. Be3 h6 38. gxh6 gxh6 39. f5 h5 40. f6 Qd3 41. Kf2 Ne5 42. Qxd3 Nxd3+ 43. Ke2 Kh7 44. h4 Kg6 45. Bg5 Kf5 46. Ke3 Ke5 47. Kd2 Nb2 48. Kc1 Nc4 49. a4 e3 50. Kd1 Nb2+ 51. Ke2 Nxa4 52. c4 Kd4 53. Bxe3+ Kxc4 54. Kf3 Nc3 55. Kf4 Nd5+ 56. Kg5 Nxe3 57. Kxh5 Nf5 58. Kg5 Nxh4 59. Kxh4 0-1

[Event "SVK-chT3A2 1213"]
[Site "Slovakia"]
[Date "2013.01.13"]
[Round "6.3"]
[White "Cebo, Vladimir"]
[Black "Markuliak, Mario"]
[Result "0-1"]
[WhiteElo "1627"]
[BlackElo "1808"]
[PlyCount "77"]
[EventDate "2012.10.07"]
[EventType "team-tourn"]
[EventRounds "11"]
[EventCountry "SVK"]
[SourceTitle "EXT 2015"]
[Source "ChessBase"]
[SourceDate "2014.11.20"]
[SourceVersion "1"]
[SourceVersionDate "2014.11.20"]
[SourceQuality "1"]
[WhiteTeam "Hlohovec SK Zentiva"]
[BlackTeam "Cifer"]
[WhiteTeamCountry "SVK"]
[BlackTeamCountry "SVK"]

1. c4 d6 2. d4 e5 3. e3 Nd7 4. Nc3 Ngf6 5. Bd3 Be7 6. Nge2 0-0 7. 0-0 c6 8. Ng3 Qc7 9. Nf5 Re8 10. b3 Bf8 11. Bb2 g6 12. Ng3 Bg7 13. d5 a5 14. Rc1 Nc5 15. Bb1 Bd7 16. h3 Rf8 17. Kh1 Ne8 18. f4 f5 19. Nce2 b5 20. fxe5 Bxe5 21. Bxe5 dxe5 22. cxb5 cxb5 23. Qd2 Qd6 24. Rfd1 b4 25. Ng1 Nf6 26. Qe1 Bb5 27. Nf3 e4 28. Ng5 Nxd5 29. Rd4 Bd3 30. Qf2 Bxb1 31. Rxb1 Nd3 32. Qd2 Qxg3 33. Ne6 Nxe3 34. Rxd3 exd3 35. Nxf8 Rxf8 36. Rc1 f4 37. Rg1 f3 38. gxf3 Qxh3+ 39. Qh2 0-1

[Event "Tatry op"]
[Site "Tatranske Zruby"]
[Date "2012.09.30"]
[Round "9"]
[White "Jancura, Andrej"]
[Black "Cebo, Vladimir"]
[Result "1/2-1/2"]
[WhiteElo "1872"]
[BlackElo "1613"]
[PlyCount "52"]
[EventDate "2012.09.23"]
[EventType "swiss"]
[EventRounds "9"]
[EventCountry "SVK"]
[SourceTitle "EXT 2023"]
[Source "ChessBase"]
[SourceDate "2022.10.05"]
[SourceVersion "1"]
[SourceVersionDate "2022.10.05"]
[SourceQuality "1"]

1. d4 d5 2. Nf3 c6 3. Bf4 Nf6 4. e3 e6 5. Bd3 Nbd7 6. Nbd2 Qb6 7. Qc1 c5 8. c3 Bd6 9. Bxd6 Qxd6 10. 0-0 0-0 11. b3 a6 12. a4 cxd4 13. cxd4 e5 14. dxe5 Nxe5 15. Nxe5 Qxe5 16. Nf3 Qd6 17. Qa3 Qd8 18. Nd4 Ng4 19. h3 Ne5 20. Be2 Nc6 21. Rfd1 Be6 22. Rac1 Qb6 23. a5 Nxa5 24. Rc5 Nc6 25. Nxc6 bxc6 26. Rdc1 Rfc8 1/2-1/2

[Event "Bratislava Doprastav op"]
[Site "Bratislava"]
[Date "2008.06.28"]
[Round "1"]
[White "Cebo, Vladimir"]
[Black "Sulek, Viliam"]
[Result "0-1"]
[WhiteElo "1447"]
[BlackElo "2172"]
[PlyCount "60"]
[EventDate "2008.06.28"]
[EventType "swiss"]
[EventRounds "7"]
[EventCountry "SVK"]
[SourceTitle "CBM 125 Extra"]
[Source "ChessBase"]
[SourceDate "2008.09.01"]
[SourceVersion "1"]
[SourceVersionDate "2008.09.01"]
[SourceQuality "1"]

1. c4 Nf6 2. Nf3 g6 3. Nc3 d5 4. e3 Bg7 5. d4 0-0 6. Be2 c5 7. dxc5 dxc4 8. 0-0 Qa5 9. Bxc4 Qxc5 10. Qb3 Nc6 11. e4 Na5 12. Qb5 Qxc4 13. Qxa5 b6 14. Qb5 Qxb5 15. Nxb5 Bb7 16. Nd2 Nxe4 17. Nxe4 Bxe4 18. Re1 Bc6 19. Nc3 e6 20. Bd2 Rfd8 21. Rad1 Rd3 22. Bg5 Rxd1 23. Rxd1 h6 24. Rd8+ Rxd8 25. Bxd8 f5 26. f4 Kf7 27. Kf2 Bd4+ 28. Kf1 e5 29. fxe5 Bxe5 30. Kg1 g5 0-1